[Event "Biel (Women)"]
[Site "Biel"]
[Date "2022.07.19"]
[Round "4"]
[White "Cornileau, Juliette"]
[Black "Keymer, Cecilia"]
[Result "1-0"]
[WhiteElo "1900"]
[BlackElo "1652"]
[PlyCount "89"]
[EventDate "2022.07.14"]
[EventType "tourn"]
[EventRounds "7"]
[EventCountry "SUI"]
[SourceTitle "EXT 2024"]
[Source "ChessBase"]
[SourceDate "2023.10.10"]
[SourceVersion "1"]
[SourceVersionDate "2023.10.10"]
[SourceQuality "1"]

1. d4 d5 2. c4 c6 3. Nf3 Nf6 4. Nc3 dxc4 5. a4 Bf5 6. e3 e6 7. Bxc4 Bb4 8. 0-0 0-0 9. Nh4 Bg4 10. f3 Bh5 11. g4 Bg6 12. Nxg6 hxg6 13. e4 Qe7 14. g5 Nfd7 15. Kh1 e5 16. d5 Rd8 17. a5 Nc5 18. Qe2 Bxc3 19. bxc3 Nbd7 20. Qe3 Rac8 21. Ba3 cxd5 22. Bxd5 b6 23. f4 exf4 24. Rxf4 Ne5 25. Raf1 Rf8 26. Qh3 Qd7 27. Qxd7 Ncxd7 28. Bxf8 Rxf8 29. axb6 Nxb6 30. Ra1 Nxd5 31. exd5 Ra8 32. Rfa4 Rc8 33. R1a3 Nc4 34. Rb3 Nd2 35. Rb2 Nc4 36. Re2 Nb6 37. Rd4 a5 38. d6 Rd8 39. Rb2 Nd7 40. Ra2 Nc5 41. c4 Kf8 42. Rd5 Ne4 43. Raxa5 Nxd6 44. c5 Nb7 45. c6 1-0

[Event "Biel Blitz (Women)"]
[Site "Biel"]
[Date "2022.07.17"]
[Round "5"]
[White "Keymer, Cecilia"]
[Black "Cornileau, Juliette"]
[Result "0-1"]
[WhiteElo "1652"]
[BlackElo "1653"]
[PlyCount "132"]
[EventDate "2022.01.17"]
[EventType "tourn (blitz)"]
[EventRounds "14"]
[EventCountry "SUI"]
[SourceTitle "EXT 2024"]
[Source "ChessBase"]
[SourceDate "2023.10.10"]
[SourceVersion "1"]
[SourceVersionDate "2023.10.10"]
[SourceQuality "1"]

1. d4 Nf6 2. c4 e6 3. Nf3 Bb4+ 4. Bd2 Qe7 5. a3 Bxd2+ 6. Qxd2 d6 7. Nc3 0-0 8. e4 e5 9. d5 a5 10. Bd3 Na6 11. 0-0 Nc5 12. Bc2 a4 13. Rfe1 Nh5 14. Qg5 Qxg5 15. Nxg5 h6 16. Nf3 c6 17. g3 Nf6 18. Kg2 Rd8 19. Nd2 cxd5 20. cxd5 b6 21. b4 axb3 22. Nxb3 Bd7 23. Nxc5 bxc5 24. a4 Ra5 25. Nb5 Bxb5 26. axb5 Rxb5 27. Reb1 Rb4 28. Kf3 Rdb8 29. Bd3 Rb3 30. Rxb3 Rxb3 31. Ke2 Rb2+ 32. Ke3 Ng4+ 33. Kf3 Nxf2 34. Bc4 Rb4 35. Kxf2 Rxc4 36. Ke3 Kf8 37. h3 Rc3+ 38. Kf2 Rc2+ 39. Kf3 Rc3+ 40. Kf2 Rd3 41. Rc1 Rd2+ 42. Kf3 Rd3+ 43. Kf2 Rd4 44. Kf3 Ke7 45. Rc3 c4 46. Ke3 Rd3+ 47. Rxd3 cxd3 48. Kxd3 Kf6 49. Ke3 Kg5 50. Kf3 f5 51. exf5 Kxf5 52. Ke3 h5 53. Kf3 e4+ 54. Ke3 Ke5 55. g4 hxg4 56. hxg4 Kxd5 57. Kf4 Kd4 58. Kf5 e3 59. Kg6 e2 60. Kxg7 e1Q 61. g5 Qg3 62. g6 Kc3 63. Kh7 d5 64. g7 d4 65. g8Q Qxg8+ 66. Kxg8 d3 0-1

[Event "Biel Blitz (Women)"]
[Site "Biel"]
[Date "2022.07.17"]
[Round "13"]
[White "Sumarriva Paulin, Laura"]
[Black "Keymer, Cecilia"]
[Result "1-0"]
[WhiteElo "1886"]
[BlackElo "1652"]
[PlyCount "81"]
[EventDate "2022.01.17"]
[EventType "tourn (blitz)"]
[EventRounds "14"]
[EventCountry "SUI"]
[SourceTitle "EXT 2024"]
[Source "ChessBase"]
[SourceDate "2023.10.10"]
[SourceVersion "1"]
[SourceVersionDate "2023.10.10"]
[SourceQuality "1"]

1. e4 e5 2. Bc4 Nc6 3. d3 Bc5 4. Nf3 Nf6 5. c3 a6 6. h3 d6 7. Bb3 Ba7 8. Nbd2 h6 9. Nf1 Ne7 10. Ng3 Ng6 11. 0-0 0-0 12. d4 exd4 13. cxd4 Re8 14. Re1 Be6 15. Qc2 Bxb3 16. Qxb3 Rb8 17. Bd2 Qd7 18. Bc3 Re7 19. Rad1 b5 20. e5 Ne8 21. a3 c5 22. exd6 Rxe1+ 23. Rxe1 Qxd6 24. Nf5 Qd7 25. g4 cxd4 26. Bxd4 Bxd4 27. N3xd4 Nf6 28. Qb4 Rd8 29. Nf3 Nf4 30. Kh2 Qd5 31. Ne7+ Kh7 32. Nxd5 N4xd5 33. Qc5 Rb8 34. Ne5 Nf4 35. Nxf7 Rf8 36. Ne5 Re8 37. Nf3 Rxe1 38. Nxe1 Ne2 39. Nf3 Nf4 40. Qf5+ Ng6 41. Nh4 1-0

[Event "Heusenstamm Sparkassen op-B 7th"]
[Site "Heusenstamm"]
[Date "2021.11.19"]
[Round "3.3"]
[White "Keymer, Cecilia"]
[Black "Lorenz, Alexander1111"]
[Result "1/2-1/2"]
[WhiteElo "1634"]
[BlackElo "1667"]
[PlyCount "67"]
[EventDate "2021.11.18"]
[EventType "swiss"]
[EventRounds "7"]
[EventCountry "GER"]
[SourceTitle "EXT 2023"]
[Source "ChessBase"]
[SourceDate "2022.10.05"]
[SourceVersion "1"]
[SourceVersionDate "2022.10.05"]
[SourceQuality "1"]

1. d4 Nf6 2. c4 g6 3. g3 Bg7 4. Bg2 0-0 5. Nc3 d6 6. Nf3 c5 7. 0-0 cxd4 8. Nxd4 a6 9. Nd5 Nxd5 10. cxd5 Nd7 11. e4 Nf6 12. b3 Qb6 13. Bb2 e5 14. dxe6 fxe6 15. Nc2 e5 16. Ne3 Be6 17. Qe2 Rac8 18. Rfd1 Bh6 19. Rd3 Bxe3 20. Rxe3 Ng4 21. Rf3 Rxf3 22. Bxf3 Qxf2+ 23. Qxf2 Nxf2 24. Ba3 Nh3+ 25. Kh1 Rc6 26. Bg2 Kf7 27. Bxh3 Bxh3 28. Rd1 Ke7 29. Rd2 b5 30. Kg1 Be6 31. Bb4 Bg4 32. Kf2 Ke6 33. Ke3 Ke7 34. Kf2 1/2-1/2

[Event "GER-ch U14 Girls"]
[Site "Willingen"]
[Date "2021.08.23"]
[Round "1"]
[White "Labuda, Annika"]
[Black "Keymer, Cecilia"]
[Result "0-1"]
[WhiteElo "1284"]
[BlackElo "1612"]
[PlyCount "54"]
[EventDate "2021.08.22"]
[EventType "swiss"]
[EventRounds "9"]
[EventCountry "GER"]
[SourceTitle "EXT 2022"]
[Source "ChessBase"]
[SourceDate "2021.10.06"]
[SourceVersion "1"]
[SourceVersionDate "2021.10.06"]
[SourceQuality "1"]

1. e4 e5 2. Nf3 Nc6 3. Nc3 Nf6 4. d4 exd4 5. Nxd4 Bb4 6. Nxc6 bxc6 7. Bd3 d5 8. exd5 cxd5 9. 0-0 0-0 10. Bg5 c6 11. Qf3 Bd6 12. Bxf6 Qxf6 13. Qxf6 gxf6 14. f4 Rb8 15. b3 Bc5+ 16. Kh1 Bd4 17. Nxd5 cxd5 18. Rad1 Bc3 19. Rf3 d4 20. Kg1 Kh8 21. f5 Bb7 22. Rh3 Rg8 23. g3 Rbe8 24. Rh4 Re7 25. Rf1 Bd2 26. Rd1 Bg5 27. Rh3 Bf3 0-1

[Event "Biel ATO op 54th"]
[Site "Biel"]
[Date "2021.07.31"]
[Round "4"]
[White "Keymer, Cecilia"]
[Black "Corbat, Philippe"]
[Result "0-1"]
[WhiteElo "1612"]
[BlackElo "1934"]
[PlyCount "134"]
[EventDate "2021.07.26"]
[EventType "swiss"]
[EventRounds "9"]
[EventCountry "SUI"]
[SourceTitle "EXT 2022"]
[Source "ChessBase"]
[SourceDate "2021.10.06"]
[SourceVersion "1"]
[SourceVersionDate "2021.10.06"]
[SourceQuality "1"]

1. d4 Nf6 2. c4 g6 3. g3 Bg7 4. Bg2 0-0 5. Nc3 d6 6. Nf3 Nc6 7. 0-0 a6 8. b3 Rb8 9. d5 Na5 10. Bd2 c5 11. dxc6 Nxc6 12. Rc1 Bf5 13. Re1 Ne4 14. Nxe4 Bxe4 15. Be3 Bb2 16. Rc2 Bxc2 17. Qxc2 Bg7 18. Rd1 Qa5 19. Bd2 Qh5 20. Bc3 Bxc3 21. Qxc3 Qa5 22. Qb2 Rfd8 23. Ne1 Ne5 24. Nc2 b5 25. cxb5 Qxb5 26. Nd4 Qb6 27. Qd2 Rdc8 28. h4 Rc7 29. h5 Qc5 30. Be4 Ng4 31. hxg6 hxg6 32. Qf4 Qh5 33. Nf3 Rc5 34. Kg2 g5 35. Qd2 Nf6 36. Bd3 g4 37. Nh4 Qg5 38. Qb2 a5 39. Rh1 Rbc8 40. f4 Qd5+ 41. Kh2 Qxd3 42. exd3 Rc2+ 43. Qxc2 Rxc2+ 44. Kg1 e6 45. Rh2 Rc1+ 46. Kf2 Nd5 47. f5 Ra1 48. Rg2 Rxa2+ 49. Kg1 Ra1+ 50. Kh2 Rb1 51. Ra2 Rxb3 52. Rxa5 Rxd3 53. fxe6 fxe6 54. Ra4 Ne3 55. Ng6 Kf7 56. Nf4 Rd2+ 57. Kg1 e5 58. Ra7+ Kf6 59. Nh5+ Ke6 60. Ng7+ Kd5 61. Ra5+ Ke4 62. Ne6 Rg2+ 63. Kh1 Rxg3 64. Ra4+ Kf5 65. Ng7+ Kg6 66. Ne8 Rh3+ 67. Kg1 g3 0-1

[Event "GER-ch U12 Girls"]
[Site "Willingen"]
[Date "2019.06.14"]
[Round "8"]
[White "Keymer, Cecilia"]
[Black "Zhou, Lepu Coco"]
[Result "0-1"]
[WhiteElo "1511"]
[BlackElo "1724"]
[PlyCount "114"]
[EventDate "2019.06.08"]
[EventType "swiss"]
[EventRounds "9"]
[EventCountry "GER"]
[SourceTitle "CBM 191 Extra"]
[Source "ChessBase"]
[SourceDate "2019.09.30"]
[SourceVersion "1"]
[SourceVersionDate "2019.09.30"]
[SourceQuality "1"]

1. d4 Nf6 2. Nf3 g6 3. g3 Bg7 4. Bg2 0-0 5. b3 d6 6. Bb2 Nbd7 7. 0-0 c5 8. c4 cxd4 9. Nxd4 Rb8 10. Nc3 a6 11. e3 Qc7 12. Qe2 Nc5 13. h3 Bd7 14. Rac1 e5 15. Nc2 Bc6 16. Nb4 Bxg2 17. Kxg2 Nce4 18. Ncd5 Qd7 19. Nxf6+ Nxf6 20. Rfd1 a5 21. Nd5 Nxd5 22. Rxd5 Qc6 23. Kh2 Rfd8 24. Rcd1 a4 25. c5 axb3 26. axb3 f6 27. cxd6 Rd7 28. Qc4 Qxc4 29. bxc4 b6 30. Kg2 Bf8 31. Ba3 Rc8 32. c5 bxc5 33. Bxc5 Kf7 34. Kf3 Ke6 35. g4 Rcd8 36. Bb6 Ra8 37. Bc7 Ra4 38. Kg3 Ra3 39. Kg2 Ra6 40. Kf3 Bxd6 41. Bxd6 Raxd6 42. Rxd6+ Rxd6 43. Rxd6+ Kxd6 44. Ke4 Ke6 45. f4 f5+ 46. gxf5+ gxf5+ 47. Kf3 e4+ 48. Kg3 Kd5 49. Kh4 Kc4 50. Kg5 Kd3 51. Kxf5 Kxe3 52. Kg5 h6+ 53. Kg4 Kd4 54. f5 e3 55. f6 e2 56. f7 e1Q 57. f8Q Qg1+ 0-1

[Event "Youth District Germany"]
[Site "Wuerzburg"]
[Date "2018.10.05"]
[Round "5.8"]
[White "Keymer, Cecilia"]
[Black "Woerz, Ann Sophie"]
[Result "1/2-1/2"]
[WhiteElo "1479"]
[BlackElo "1463"]
[PlyCount "111"]
[EventDate "2018.10.02"]
[EventType "team-swiss"]
[EventRounds "7"]
[EventCountry "GER"]
[SourceTitle "CBM 186 Extra"]
[Source "ChessBase"]
[SourceDate "2018.08.24"]
[SourceVersion "1"]
[SourceVersionDate "2018.08.24"]
[SourceQuality "1"]
[WhiteTeam "Rheinland Pfalz U20"]
[BlackTeam "Wuerttemberg U20"]
[WhiteTeamCountry "GER"]
[BlackTeamCountry "GER"]

1. d4 e6 2. c4 d5 3. Nf3 Nf6 4. Nc3 Be7 5. Bg5 Nbd7 6. e3 0-0 7. cxd5 exd5 8. Bd3 c6 9. Qc2 Re8 10. h3 Nf8 11. Ne5 N6d7 12. Bxe7 Rxe7 13. Nf3 Nf6 14. 0-0-0 b5 15. Ne5 Qd6 16. g4 N6d7 17. Nxd7 Bxd7 18. Rdg1 a5 19. Ne2 Rc8 20. Kb1 c5 21. dxc5 Rxc5 22. Qd2 Ne6 23. Rc1 Rxc1+ 24. Qxc1 Bc6 25. Ng3 Rc7 26. Qd2 b4 27. Rc1 Ng5 28. Bf1 Qg6+ 29. Ka1 Rd7 30. Bg2 Ne4 31. Nxe4 dxe4 32. Qc2 Rd8 33. Kb1 Bb5 34. Bxe4 Qh6 35. Rh1 g6 36. Ka1 Qf8 37. Rd1 Rc8 38. Qd2 Qe7 39. Bg2 Ba4 40. Rc1 Rd8 41. Qe2 Qe6 42. Kb1 Qb6 43. Be4 Bb5 44. Qc2 Qf6 45. f4 Re8 46. Qg2 Qe6 47. Rc5 Qxe4+ 48. Qxe4 Rxe4 49. Rxb5 Rxe3 50. Rxa5 Rxh3 51. Rb5 Rh4 52. Rxb4 Rxg4 53. a4 g5 54. a5 gxf4 55. Ka2 Rg5 56. Ra4 1/2-1/2

[Event "Youth District Germany"]
[Site "Wuerzburg"]
[Date "2018.10.03"]
[Round "2.8"]
[White "Keymer, Cecilia"]
[Black "Werner, Rosalie"]
[Result "1/2-1/2"]
[WhiteElo "1479"]
[BlackElo "1566"]
[PlyCount "149"]
[EventDate "2018.10.02"]
[EventType "team-swiss"]
[EventRounds "7"]
[EventCountry "GER"]
[SourceTitle "CBM 186 Extra"]
[Source "ChessBase"]
[SourceDate "2018.08.24"]
[SourceVersion "1"]
[SourceVersionDate "2018.08.24"]
[SourceQuality "1"]
[WhiteTeam "Rheinland Pfalz U20"]
[BlackTeam "Hessen U20"]
[WhiteTeamCountry "GER"]
[BlackTeamCountry "GER"]

1. d4 d5 2. c4 e6 3. Nc3 Nf6 4. cxd5 exd5 5. Bg5 Be7 6. e3 c6 7. Bd3 Nbd7 8. Nf3 0-0 9. Qc2 Re8 10. h3 Nf8 11. 0-0 g6 12. Rab1 a5 13. a3 Ne6 14. Bh4 Ng7 15. Bg3 Bf5 16. Bh2 Bxd3 17. Qxd3 Bd6 18. Bxd6 Qxd6 19. Ne5 Nd7 20. Nxd7 Qxd7 21. Na4 Qc7 22. Rfc1 b6 23. Nc3 Qd7 24. Na4 Qc7 25. Rc2 b5 26. Nc5 Ra7 27. Qd2 Ne6 28. Rbc1 Nxc5 29. Rxc5 Rc8 30. R1c2 Qd7 31. Qc3 Ra6 32. Rxb5 cxb5 33. Qxc8+ Qxc8 34. Rxc8+ Kg7 35. Rc5 b4 36. a4 Kf6 37. Kf1 Ke6 38. Ke2 Kd6 39. f3 f5 40. g4 h5 41. gxh5 gxh5 42. h4 Rc6 43. Rxc6+ Kxc6 44. Kf2 f4 45. exf4 Kd6 46. f5 Ke7 47. Ke3 Kf6 48. Kf4 b3 49. Ke3 Kxf5 50. Ke2 Kf4 51. Kf2 Kf5 52. Ke3 Ke6 53. Kd3 Kf5 54. Kc3 Kf4 55. Kxb3 Kg3 56. Kc3 Kxh4 57. b4 axb4+ 58. Kxb4 Kg3 59. a5 h4 60. a6 h3 61. a7 h2 62. a8Q h1Q 63. Qg8+ Kf4 64. Qf7+ Ke3 65. Qxd5 Qb1+ 66. Kc5 Qc1+ 67. Qc4 Qa3+ 68. Kd5 Qa5+ 69. Qc5 Qd8+ 70. Ke5 Qg5+ 71. Kd6 Qf6+ 72. Kc7 Qxd4 73. Qa3+ Qd3 74. Qe7+ Kxf3 75. Qf7+ 1/2-1/2

[Event "Helsingor Xtracon op"]
[Site "Helsingor"]
[Date "2018.07.26"]
[Round "7"]
[White "Keymer, Cecilia"]
[Black "Tenold, Andreas"]
[Result "0-1"]
[WhiteElo "1380"]
[BlackElo "1865"]
[PlyCount "64"]
[EventDate "2018.07.21"]
[EventType "swiss"]
[EventRounds "10"]
[EventCountry "DEN"]
[SourceTitle "CBM 185 Extra"]
[Source "ChessBase"]
[SourceDate "2018.07.29"]
[SourceVersion "1"]
[SourceVersionDate "2018.07.29"]
[SourceQuality "1"]

1. d4 Nf6 2. c4 e6 3. Nc3 Bb4 4. Qc2 c5 5. dxc5 Na6 6. a3 Qa5 7. Bd2 Bxc5 8. Rb1 Qd8 9. e3 b6 10. Nf3 Bb7 11. Be2 0-0 12. 0-0 d5 13. cxd5 exd5 14. Qa4 Nc7 15. b4 Bd6 16. Nd4 Ne4 17. Rfd1 Bxh2+ 18. Kxh2 Qh4+ 19. Kg1 Qxf2+ 20. Kh1 Nxd2 21. Rxd2 Qxe3 22. Rd3 Qe5 23. Rf1 Ne6 24. Rf5 Qd6 25. Ndb5 Qe7 26. Nxd5 Qh4+ 27. Kg1 Bxd5 28. Rdxd5 Nf4 29. Rde5 g6 30. Rg5 Nxe2+ 31. Rxe2 Qxg5 32. Nc7 Qc1+ 0-1

[Event "Helsingor Xtracon op"]
[Site "Helsingor"]
[Date "2018.07.21"]
[Round "1"]
[White "Keymer, Cecilia"]
[Black "Roder, Peter Ulrik"]
[Result "0-1"]
[WhiteElo "1380"]
[BlackElo "2021"]
[PlyCount "118"]
[EventDate "2018.07.21"]
[EventType "swiss"]
[EventRounds "10"]
[EventCountry "DEN"]
[SourceTitle "CBM 185 Extra"]
[Source "ChessBase"]
[SourceDate "2018.07.29"]
[SourceVersion "1"]
[SourceVersionDate "2018.07.29"]
[SourceQuality "1"]

1. d4 d5 2. c4 e6 3. Nc3 Nf6 4. cxd5 exd5 5. Bg5 Be7 6. e3 c6 7. Bd3 h6 8. Bh4 Ne4 9. Bxe7 Qxe7 10. Nf3 Nd7 11. Qc2 Nxc3 12. bxc3 0-0 13. 0-0 Re8 14. Rab1 b5 15. a4 a6 16. a5 c5 17. Qa2 c4 18. Bc2 g5 19. Rfe1 Bb7 20. Bf5 Kg7 21. Qc2 Rad8 22. h3 Nb8 23. Ne5 Nc6 24. Nxc6 Bxc6 25. Rec1 Qf6 26. Re1 h5 27. e4 dxe4 28. Bxe4 Bd7 29. f3 Re7 30. Qd2 Rde8 31. Qf2 Qd6 32. Qd2 f6 33. Ra1 g4 34. hxg4 hxg4 35. Qf2 g3 36. Qd2 Rh8 37. Kf1 f5 38. Qg5+ Kf8 39. Ke2 fxe4 40. Kd2 Qh6 41. Qxh6+ Rxh6 42. fxe4 Rh4 43. e5 Bc6 44. Rh1 Rh2 45. Raf1+ Rf7 46. e6 Rxg2+ 47. Ke3 Rxf1 48. Rxf1+ Rf2 49. Rxf2+ gxf2 50. Kxf2 Ke7 51. Ke3 Kxe6 52. Ke2 Be4 53. Ke3 Kf5 54. Kd2 Kf4 55. Ke2 Bd5 56. Kd2 Kf3 57. Kc2 Ke3 58. Kc1 Kd3 59. Kb2 Kd2 0-1

[Event "GER-ch U10 Girls"]
[Site "Willingen"]
[Date "2017.06.09"]
[Round "10"]
[White "Keymer, Cecilia"]
[Black "Hubert, Charlotte"]
[Result "1-0"]
[WhiteElo "1283"]
[BlackElo "1028"]
[PlyCount "41"]
[EventDate "2017.06.04"]
[EventType "swiss"]
[EventRounds "11"]
[EventCountry "GER"]
[SourceTitle "CBM 178 Extra"]
[Source "ChessBase"]
[SourceDate "2017.06.22"]
[SourceVersion "1"]
[SourceVersionDate "2017.06.22"]
[SourceQuality "1"]

1. d4 d5 2. c4 e5 3. dxe5 d4 4. Nf3 Nc6 5. h3 Be6 6. b3 Bc5 7. Ba3 Bxa3 8. Nxa3 Qd7 9. Nc2 0-0-0 10. Qd2 Nge7 11. Rd1 Ng6 12. Nfxd4 Ncxe5 13. e3 Rhe8 14. Be2 f6 15. Qa5 a6 16. Nb4 Qf7 17. c5 Bd5 18. 0-0 Re7 19. c6 bxc6 20. Qxa6+ Kd7 21. f4 1-0